<?xml version="1.0" encoding="UTF-8"?>
<record
    xmlns:xsi="http://www.w3.org/2001/XMLSchema-instance"
    xsi:schemaLocation="http://www.loc.gov/MARC21/slim http://www.loc.gov/standards/marcxml/schema/MARC21slim.xsd"
    xmlns="http://www.loc.gov/MARC21/slim">

  <leader>00618nam a22001817a 4500</leader>
  <controlfield tag="005">20231227145900.0</controlfield>
  <controlfield tag="008">231227b        |||||||| |||| 00| 0 eng d</controlfield>
  <datafield tag="020" ind1=" " ind2=" ">
    <subfield code="a">047110583x</subfield>
  </datafield>
  <datafield tag="041" ind1=" " ind2=" ">
    <subfield code="a"> Eng.</subfield>
  </datafield>
  <datafield tag="082" ind1=" " ind2=" ">
    <subfield code="a">720.22</subfield>
    <subfield code="b">BRO</subfield>
  </datafield>
  <datafield tag="100" ind1=" " ind2=" ">
    <subfield code="a">Broadbent G.</subfield>
    <subfield code="9">106476</subfield>
  </datafield>
  <datafield tag="245" ind1=" " ind2=" ">
    <subfield code="a">Design in Architecture: Architecture and the Human Sciences</subfield>
  </datafield>
  <datafield tag="260" ind1=" " ind2=" ">
    <subfield code="a">London</subfield>
    <subfield code="b">Wiley &amp; Sons</subfield>
    <subfield code="c">1973</subfield>
  </datafield>
  <datafield tag="300" ind1=" " ind2=" ">
    <subfield code="a">504p</subfield>
    <subfield code="b">HB</subfield>
    <subfield code="c">22.5 x 16 cm</subfield>
  </datafield>
  <datafield tag="365" ind1=" " ind2=" ">
    <subfield code="a">INR</subfield>
    <subfield code="b">10762.50</subfield>
    <subfield code="c">Rupaye</subfield>
  </datafield>
  <datafield tag="500" ind1=" " ind2=" ">
    <subfield code="a">1) The architect as Designer
2) The architect at work
3) New attitudes to design 
4) Architecture and the human science
5) Models</subfield>
  </datafield>
  <datafield tag="942" ind1=" " ind2=" ">
    <subfield code="c">RF</subfield>
  </datafield>
  <datafield tag="999" ind1=" " ind2=" ">
    <subfield code="c">356785</subfield>
    <subfield code="d">356785</subfield>
  </datafield>
  <datafield tag="952" ind1=" " ind2=" ">
    <subfield code="0">0</subfield>
    <subfield code="1">0</subfield>
    <subfield code="2">ddc</subfield>
    <subfield code="4">0</subfield>
    <subfield code="7">0</subfield>
    <subfield code="a">BNCA</subfield>
    <subfield code="b">BNCA</subfield>
    <subfield code="d">2023-12-27</subfield>
    <subfield code="e">Metro Books</subfield>
    <subfield code="f">B.Arch.</subfield>
    <subfield code="g">10762.50</subfield>
    <subfield code="i">2436</subfield>
    <subfield code="l">0</subfield>
    <subfield code="o">720.22 BRO</subfield>
    <subfield code="p">BNCA-BK-12486</subfield>
    <subfield code="r">2023-12-27 00:00:00</subfield>
    <subfield code="t">37%</subfield>
    <subfield code="v">6780.38</subfield>
    <subfield code="w">2023-11-02</subfield>
    <subfield code="y">RF</subfield>
  </datafield>
</record>
